[Event "Rated Blitz game"]
[Site "?"]
[Date "2021.05.04"]
[Round "?"]
[White "ForgotToCastle"]
[Black "os_IM"]
[Result "1-0"]
[WhiteElo "2421"]
[BlackElo "2416"]
[PlyCount "101"]
[EventDate "2021.??.??"]
[EventType "blitz"]

1. e4 e5 2. Nf3 d5 3. Nxe5 dxe4 4. Bc4 Be6 5. Bxe6 fxe6 6. Qh5+ g6 7. Nxg6 Nf6
8. Qh3 Rg8 9. Qxe6+ Be7 10. Nxe7 Qxe7 11. Qxe7+ Kxe7 12. g3 Nc6 13. b3 Nd4 14.
Na3 Raf8 15. Bb2 Nf3+ 16. Ke2 Ng4 17. Nc4 Nfxh2 18. Ba3+ Ke6 19. Bxf8 Rxf8 20.
Rxh2 Nxh2 21. Ne3 Nf3 22. Rh1 Nd4+ 23. Ke1 Nf3+ 24. Ke2 Nd4+ 25. Kf1 Nf3 26.
Rxh7 Nxd2+ 27. Ke2 Nf3 28. Rxc7 Ng1+ 29. Kf1 Nh3 30. Kg2 Nxf2 31. Rxb7 Rf3 32.
Rxa7 Rxe3 33. Kxf2 Rc3 34. g4 Ke5 35. g5 Kf5 36. Ra5+ Kf4 37. g6 Rxc2+ 38. Ke1
Ke3 39. Kd1 Rg2 40. Ra6 Kd3 41. Rd6+ Kc3 42. Re6 Kd3 43. Ke1 Rxa2 44. b4 e3 45.
Kf1 Rf2+ 46. Kg1 Rf4 47. b5 e2 48. b6 Re4 49. Rxe4 Kxe4 50. Kf2 Kd3 51. Ke1 {
Normal} 1-0

[Event "Rated Blitz game"]
[Site "?"]
[Date "2021.05.04"]
[Round "?"]
[White "mertgureke"]
[Black "anjaya01"]
[Result "1-0"]
[WhiteElo "2377"]
[BlackElo "2407"]
[PlyCount "37"]
[EventDate "2021.??.??"]
[EventType "blitz"]

1. e4 e5 2. Nf3 d5 3. exd5 Bd6 4. Bb5+ Kf8 5. Nc3 a6 6. Be2 Ne7 7. d4 exd4 8.
Qxd4 Bf5 9. Bg5 f6 10. Bh4 Nd7 11. O-O-O b5 12. g4 Bg6 13. g5 f5 14. Bg3 h6 15.
Bxd6 cxd6 16. h4 hxg5 17. Nxg5 Kg8 18. Ne6 Qe8 19. Qxg7# {Normal} 1-0

[Event "Rated Blitz game"]
[Site "?"]
[Date "2021.05.04"]
[Round "?"]
[White "brainlychess"]
[Black "batasjon"]
[Result "0-1"]
[WhiteElo "2446"]
[BlackElo "2377"]
[PlyCount "60"]
[EventDate "2021.??.??"]
[EventType "blitz"]

1. e4 e5 2. Nf3 d5 3. Nc3 dxe4 4. Nxe5 Qe7 5. Nc4 Nf6 6. Be2 Nc6 7. O-O Be6 8.
a3 O-O-O 9. Ne3 h5 10. b4 Nd4 11. Bb2 Ng4 12. Nxg4 hxg4 13. Bxg4 f5 14. Be2 Qh4
15. h3 g5 16. Nb5 Bg7 17. Nxa7+ Kb8 18. Nb5 g4 19. Nxd4 Rxd4 20. c4 gxh3 21. g3
Qg5 22. Kh2 Rxd2 23. Bxg7 Rxd1 24. Bxh8 Rxf1 25. Bxf1 Qd2 26. Bxh3 Qxf2+ 27.
Bg2 f4 28. gxf4 Qxf4+ 29. Kg1 Qe3+ 30. Kf1 Bxc4# {Normal} 0-1

[Event "Rated Blitz game"]
[Site "?"]
[Date "2021.05.04"]
[Round "?"]
[White "zsebibaba2002"]
[Black "jsequera"]
[Result "0-1"]
[WhiteElo "2382"]
[BlackElo "2485"]
[PlyCount "32"]
[EventDate "2021.??.??"]
[EventType "blitz"]

1. e4 e5 2. Nf3 d5 3. Nxe5 Bd6 4. d4 dxe4 5. Nc4 Nc6 6. Nc3 Nf6 7. Nxd6+ Qxd6
8. Be3 Bf5 9. h3 O-O 10. g4 Bg6 11. Qd2 Rad8 12. O-O-O a6 13. Bg2 Na5 14. Nxe4
Bxe4 15. Bxe4 Nc4 16. Qd3 Qb4 {Normal} 0-1

[Event "Rated Blitz game"]
[Site "?"]
[Date "2021.05.04"]
[Round "?"]
[White "Astrikov_86"]
[Black "GoughPhar"]
[Result "0-1"]
[WhiteElo "2414"]
[BlackElo "2427"]
[PlyCount "126"]
[EventDate "2021.??.??"]
[EventType "blitz"]

1. e4 e5 2. Nf3 d5 3. Nxe5 Bd6 4. d4 dxe4 5. Nc4 Nf6 6. Nc3 O-O 7. Nxd6 Qxd6 8.
Be2 Nc6 9. Be3 h5 10. h3 Bf5 11. Qd2 a5 12. O-O-O a4 13. Nb5 Qe7 14. g4 Be6 15.
c4 a3 16. b3 Nb4 17. d5 Rfd8 18. Bd4 c6 19. d6 Rxd6 20. Nxd6 Qxd6 21. Bxf6
Qxd2+ 22. Rxd2 gxf6 23. gxh5 Bf5 24. Bg4 Bxg4 25. hxg4 Nd3+ 26. Kc2 Ne5 27. Re2
Nxg4 28. Rxe4 Nxf2 29. Rg1+ Kh7 30. Re7 Rf8 31. Rf1 Ng4 32. Rf4 Ne5 33. Rxf6
Kg7 34. Rd6 Nf3 35. h6+ Kh7 36. Rxb7 Ng5 37. Rf6 Re8 38. b4 Re2+ 39. Kb3 Re3+
40. Ka4 Ne4 41. Rbxf7+ Kh8 42. Rg6 Nc3+ 43. Ka5 Nxa2 44. h7 Re8 45. Rg3 Nxb4
46. Kxb4 a2 47. Rg1 Ra8 48. Ra1 c5+ 49. Kb3 Ra3+ 50. Kc2 Rc3+ 51. Kd2 Rc2+ 52.
Ke3 Rd2 53. Kf4 Rf2+ 54. Kg5 Rxf7 55. Rxa2 Rxh7 56. Ra8+ Kg7 57. Ra7+ Kg8 58.
Rxh7 Kf8 59. Kf6 Ke8 60. Rf7 Kd8 61. Re7 Kc8 62. Ke6 Kb8 63. Rd7 Ka8 {Time
forfeit} 0-1

[Event "Rated Blitz game"]
[Site "?"]
[Date "2021.05.04"]
[Round "?"]
[White "Buchi"]
[Black "pasha1984"]
[Result "1-0"]
[WhiteElo "2413"]
[BlackElo "2373"]
[PlyCount "67"]
[EventDate "2021.??.??"]
[EventType "blitz"]

1. e4 e5 2. Nf3 d5 3. Nxe5 dxe4 4. d4 Bd6 5. f4 Nf6 6. Bc4 O-O 7. O-O Nc6 8. c3
Bxe5 9. fxe5 Nd5 10. Qe2 Be6 11. Nd2 e3 12. Ne4 Nce7 13. Rf3 Bg4 14. Bxe3 Bxf3
15. Qxf3 Nxe3 16. Qxe3 Nd5 17. Qg3 c6 18. Rf1 Kh8 19. Bb3 f5 20. Nd6 Qe7 21.
Nxf5 Qd7 22. Nd6 Rxf1+ 23. Kxf1 Rf8+ 24. Kg1 Qe6 25. h3 Qh6 26. Kh2 b6 27. c4
Nf4 28. c5 Ne2 29. Qg4 bxc5 30. Qxe2 Qf4+ 31. g3 Qxd4 32. Nf7+ Kg8 33. e6 c4
34. Bxc4 {Normal} 1-0

[Event "Rated Blitz tournament gR7NBSIk"]
[Site "?"]
[Date "2021.05.04"]
[Round "?"]
[White "masterhasan"]
[Black "om_gendut"]
[Result "1/2-1/2"]
[WhiteElo "2203"]
[BlackElo "2463"]
[PlyCount "98"]
[EventDate "2021.??.??"]
[EventType "blitz"]

1. e4 e5 2. Nf3 d5 3. Nxe5 Bd6 4. d4 dxe4 5. Nc4 Be7 6. Ne3 Nf6 7. g3 O-O 8.
Bg2 Nc6 9. c3 Re8 10. O-O Bd6 11. Re1 Ne7 12. Nd2 Nf5 13. Qc2 Nxe3 14. Rxe3 Bf5
15. Nxe4 Nxe4 16. Bxe4 Rxe4 17. Rxe4 Qd7 18. Bd2 Bxe4 19. Qxe4 Re8 20. Qxb7 h6
21. Qxa7 Re2 22. Qb8+ Kh7 23. Be3 Qf5 24. a4 h5 25. Qd8 Rxb2 26. a5 Rb1+ 27.
Rxb1 Qxb1+ 28. Kg2 Qe4+ 29. Kf1 Qb1+ 30. Ke2 Qa2+ 31. Kf3 Qxa5 32. Qg5 Qxg5 33.
Bxg5 Kg6 34. h4 Kf5 35. c4 f6 36. Bd2 g5 37. hxg5 fxg5 38. c5 Be7 39. Ba5 c6
40. Bc7 Bf6 41. Ke3 h4 42. gxh4 gxh4 43. Bh2 h3 44. f3 Bg5+ 45. f4 Bh6 46. Kf3
Bg7 47. Ke3 Bh6 48. Bg3 Bg7 49. Bh2 Bh6 {Normal} 1/2-1/2

[Event "Rated Blitz tournament eKpAC1rz"]
[Site "?"]
[Date "2021.05.04"]
[Round "?"]
[White "ostrov_na_nebe"]
[Black "RoadToFM-L"]
[Result "0-1"]
[WhiteElo "2339"]
[BlackElo "2485"]
[PlyCount "100"]
[EventDate "2021.??.??"]
[EventType "blitz"]

1. e4 e5 2. Nf3 d5 3. exd5 e4 4. Qe2 Nf6 5. d3 Bb4+ 6. Bd2 O-O 7. dxe4 Bd6 8.
Nc3 Re8 9. O-O-O c6 10. dxc6 Nxc6 11. Bg5 Qe7 12. Nd5 Qe6 13. Bxf6 gxf6 14. Qb5
a6 15. Qb3 Kh8 16. Qc3 Ne5 17. Nd4 Qg4 18. f4 Ng6 19. g3 Rxe4 20. Nxf6 Bxf4+
21. gxf4 Qxf4+ 22. Kb1 Qxf6 23. Nf5 Re5 24. Nd6 Be6 25. Bg2 Kg7 26. Rhf1 Qe7
27. Nxb7 f6 28. Nc5 Rxc5 29. Qg3 Rac8 30. c3 Rd8 31. h4 Rxd1+ 32. Rxd1 Ra5 33.
Bf3 Bxa2+ 34. Kc1 Qe3+ 35. Rd2 Bb3 36. Qc7+ Kh6 37. Qxa5 Qxf3 38. Qd8 Qf1+ 39.
Rd1 Qxd1+ 40. Qxd1 Bxd1 41. Kxd1 Nxh4 42. Kd2 Ng6 43. Ke3 Kg7 44. c4 Kf7 45. c5
Ke7 46. Kd4 Kd7 47. b4 Kc7 48. b5 axb5 49. Kc3 Ne7 50. Kb4 Kc6 {Normal} 0-1

[Event "Rated Blitz game"]
[Site "?"]
[Date "2021.05.04"]
[Round "?"]
[White "silent_killer6"]
[Black "Slimslik02"]
[Result "1-0"]
[WhiteElo "2402"]
[BlackElo "2337"]
[PlyCount "143"]
[EventDate "2021.??.??"]
[EventType "blitz"]

1. e4 e5 2. Nf3 d5 3. exd5 e4 4. Qe2 Nf6 5. d3 Bb4+ 6. c3 Ba5 7. dxe4 O-O 8.
Bg5 h6 9. Bxf6 gxf6 10. Nbd2 c6 11. d6 Qxd6 12. Qe3 Kg7 13. Nc4 Qc7 14. Nd4 Bb6
15. Nxb6 axb6 16. Bd3 c5 17. Ne2 Nc6 18. O-O Be6 19. a3 Ne5 20. Ng3 Rfd8 21.
Rad1 Kh7 22. Nh5 Qe7 23. f4 Nxd3 24. Rxd3 Bc4 25. Rxd8 Rxd8 26. Re1 Rd3 27. Qf2
Rd6 28. e5 fxe5 29. fxe5 Rg6 30. Nf6+ Kg7 31. Qf4 Qe6 32. g4 Bd5 33. h4 Bc6 34.
Rd1 Qb3 35. Rd2 Qa2 36. Qf1 Qe6 37. Qe2 Rxf6 38. exf6+ Qxf6 39. Qf2 Qg6 40. Qf4
Qb1+ 41. Kf2 Qh1 42. Qe5+ Kh7 43. Qf5+ Kg7 44. Ke3 Qh3+ 45. Kf2 Qg2+ 46. Ke1
Qg3+ 47. Qf2 Qxg4 48. h5 Qe4+ 49. Kd1 Qb1+ 50. Ke2 Qe4+ 51. Qe3 Qb1 52. Qg3+
Kh7 53. Qd3+ Qxd3+ 54. Kxd3 f5 55. Rf2 Be4+ 56. Ke3 Kg7 57. Kf4 Kf6 58. Rd2 Ke6
59. Rd1 b5 60. Rg1 b6 61. Rg7 Kd5 62. Rg6 Kc4 63. Rxb6 Kb3 64. Rxh6 Kc2 65. Rb6
Kxb2 66. Rxb5+ Kc2 67. Rxc5 Kb3 68. Rxf5 Kxa3 69. Ke5 Kb3 70. h6 Kxc3 71. h7
Bxf5 72. Kxf5 {Time forfeit} 1-0

[Event "Rated Blitz game"]
[Site "?"]
[Date "2021.05.04"]
[Round "?"]
[White "ApolloAGAPAY"]
[Black "Gifroy"]
[Result "1-0"]
[WhiteElo "2392"]
[BlackElo "2417"]
[PlyCount "93"]
[EventDate "2021.??.??"]
[EventType "blitz"]

1. e4 e5 2. Nf3 d5 3. exd5 e4 4. Qe2 Nf6 5. Nc3 Be7 6. Nxe4 O-O 7. d3 c6 8. d6
Bxd6 9. Bg5 Be7 10. Nxf6+ Bxf6 11. Bxf6 Qxf6 12. O-O-O Bg4 13. h3 Bxf3 14. gxf3
Nd7 15. d4 Rad8 16. Rg1 g6 17. Qd3 Nb6 18. h4 c5 19. Qe4 Rxd4 20. Rxd4 cxd4 21.
h5 Nd7 22. Bc4 Nc5 23. Qd5 b6 24. hxg6 hxg6 25. Kb1 Rd8 26. Rxg6+ Qxg6 27.
Qxd8+ Kg7 28. Qxd4+ f6 29. b4 Qg1+ 30. Kb2 Na4+ 31. Kb3 Qb1+ 32. Kxa4 Qxc2+ 33.
Bb3 Qc6+ 34. b5 Qxf3 35. Qd7+ Kh6 36. Qd4 Kg5 37. Bd5 Qe2 38. Qe3+ Qxe3 39.
fxe3 Kf5 40. Kb4 Ke5 41. Kc4 Kd6 42. a4 Ke5 43. Bc6 Kd6 44. Kd4 Ke6 45. Be4 Kd6
46. Bf5 Ke7 47. Kd5 {Normal} 1-0

[Event "Rated Blitz game"]
[Site "?"]
[Date "2021.05.03"]
[Round "?"]
[White "xamax2000"]
[Black "Erow"]
[Result "0-1"]
[WhiteElo "2761"]
[BlackElo "2689"]
[PlyCount "96"]
[EventDate "2021.??.??"]
[EventType "blitz"]

1. e4 e5 2. Nf3 d5 3. exd5 e4 4. Qe2 Nf6 5. d3 Bb4+ 6. c3 O-O 7. dxe4 Bc5 8.
Bg5 Re8 9. Nbd2 Nbd7 10. O-O-O c6 11. dxc6 bxc6 12. Kb1 Qb6 13. Nc4 Qb8 14. e5
Nd5 15. Ka1 Ba6 16. Qe4 Bxc4 17. Bxc4 Nxe5 18. Bxd5 cxd5 19. Rxd5 Ng6 20. Qc2
Bb6 21. h4 Nf4 22. Bxf4 Qxf4 23. Ng5 g6 24. h5 Qxf2 25. Qb3 Qxg2 26. Rhd1 Rf8
27. h6 Be3 28. Nxf7 Rab8 29. Rb5 Rxb5 30. Qxb5 Qg4 31. Rf1 Bf4 32. Ne5 Qe6 33.
Nd3 Bxh6 34. Rxf8+ Bxf8 35. c4 Qf5 36. Qxf5 gxf5 37. c5 h5 38. c6 Bd6 39. b4 h4
40. Nf2 Kf7 41. Kb2 Ke6 42. Kc3 Kd5 43. b5 Kc5 44. a4 Bc7 45. Nd3+ Kd5 46. Kb4
h3 47. Nf2 h2 48. a5 Bg3 {Time forfeit} 0-1

[Event "Rated Blitz game"]
[Site "?"]
[Date "2021.05.03"]
[Round "?"]
[White "kahvitauko"]
[Black "Jomajo"]
[Result "0-1"]
[WhiteElo "2486"]
[BlackElo "2637"]
[PlyCount "72"]
[EventDate "2021.??.??"]
[EventType "blitz"]

1. e4 e5 2. Nf3 d5 3. exd5 e4 4. Qe2 Qe7 5. Nd4 Nf6 6. c4 Na6 7. Nc3 Nb4 8. Qe3
Qe5 9. a3 Bc5 10. axb4 Bxd4 11. Qg3 Qe7 12. Nb5 Be5 13. Qb3 a6 14. h3 Nh5 15.
Nc3 O-O 16. Be2 Nf4 17. Nxe4 Nxg2+ 18. Kf1 Nf4 19. Bg4 f5 20. d4 fxg4 21. dxe5
Qxe5 22. Qe3 gxh3 23. Ng3 Qf6 24. Qxf4 Qxf4 25. Bxf4 Rxf4 26. Ke2 Rxc4 27. Rhc1
Rxb4 28. Rxc7 Rxb2+ 29. Kf3 Rb3+ 30. Ke2 Bg4+ 31. Kf1 Rf8 32. Rac1 Rxg3 33. Ke1
Rg1+ 34. Kd2 Rxc1 35. Rxc1 Bf3 36. Ke3 h2 {Normal} 0-1

[Event "Rated Blitz game"]
[Site "?"]
[Date "2021.05.03"]
[Round "?"]
[White "kahvitauko"]
[Black "Jomajo"]
[Result "0-1"]
[WhiteElo "2479"]
[BlackElo "2645"]
[PlyCount "78"]
[EventDate "2021.??.??"]
[EventType "blitz"]

1. e4 e5 2. Nf3 d5 3. Nxe5 Bd6 4. d4 dxe4 5. Bc4 Bxe5 6. dxe5 Qxd1+ 7. Kxd1 Nc6
8. Bf4 Nge7 9. Nc3 Bf5 10. Nd5 O-O-O 11. Ke2 Nxd5 12. Bxd5 Rxd5 13. Rhd1 Rhd8
14. Rxd5 Rxd5 15. c3 Nxe5 16. h3 Nd3 17. Bc1 Rc5 18. Ke3 Bg6 19. g4 h5 20. f4
exf3 21. Kxf3 Ne5+ 22. Kf4 hxg4 23. hxg4 f6 24. Be3 Rc4+ 25. Bd4 Nd3+ 26. Ke3
Nxb2 27. Rh1 c5 28. Rh8+ Kc7 29. Bxf6 gxf6 30. Rf8 Rxc3+ 31. Kf4 Nd3+ 32. Ke3
Ne5+ 33. Kd2 Rd3+ 34. Ke2 Nxg4 35. Rg8 Ne5 36. Rxg6 Nxg6 37. Kxd3 Kd6 38. Ke4
Ne7 39. Kf4 Kd5 {Normal} 0-1

[Event "Rated Blitz game"]
[Site "?"]
[Date "2021.05.03"]
[Round "?"]
[White "RomanovRG"]
[Black "annaly1979"]
[Result "1/2-1/2"]
[WhiteElo "2373"]
[BlackElo "2411"]
[PlyCount "41"]
[EventDate "2021.??.??"]
[EventType "blitz"]

1. e4 e5 2. Nf3 d5 3. exd5 e4 4. Qe2 f5 5. d3 Nf6 6. Nbd2 Be7 7. dxe4 fxe4 8.
Nxe4 Nxe4 9. Qxe4 O-O 10. Bd3 Bf5 11. Qc4 Bd6 12. Be3 Nd7 13. h3 Nb6 14. Qb3 a5
15. a4 Qe8 16. Bb5 Qg6 17. O-O-O Qf6 18. Bd4 Qg6 19. Be3 Qf6 20. Bd4 Qg6 21.
Be3 {Normal} 1/2-1/2

[Event "Rated Blitz game"]
[Site "?"]
[Date "2021.05.03"]
[Round "?"]
[White "rice87"]
[Black "annaly1979"]
[Result "1-0"]
[WhiteElo "2441"]
[BlackElo "2403"]
[PlyCount "99"]
[EventDate "2021.??.??"]
[EventType "blitz"]

1. e4 e5 2. Nf3 d5 3. Nxe5 Qe7 4. d4 f6 5. Nf3 Nc6 6. Be3 dxe4 7. Nfd2 f5 8.
Nc3 Nf6 9. Nc4 Be6 10. Qd2 Qf7 11. Ne5 Nxe5 12. dxe5 Nd5 13. Nxd5 Bxd5 14.
O-O-O O-O-O 15. c4 f4 16. Bxf4 Bb4 17. Qxb4 Qxf4+ 18. Qd2 Qxd2+ 19. Rxd2 Bc6
20. Be2 Rxd2 21. Kxd2 Kd7 22. Bg4+ Ke7 23. Ke3 h5 24. Bf5 Rf8 25. Bg6 Ke6 26.
Bxh5 Kxe5 27. Be2 a5 28. h4 Rf4 29. h5 Rf6 30. Rh3 Be8 31. Rg3 Rf7 32. Rg5+ Kf6
33. Rg6+ Ke5 34. g4 Bd7 35. Rg5+ Kf6 36. Rxa5 b6 37. Rd5 Be6 38. Rd4 Kg5 39.
Rxe4 Bd7 40. f4+ Kh4 41. f5 Bc6 42. Re6 Bd7 43. Rg6 Re7+ 44. Kf2 c6 45. b4 b5
46. c5 Re4 47. Rxg7 Be8 48. h6 Rf4+ 49. Ke3 Rxb4 50. h7 {Normal} 1-0

[Event "Rated Blitz game"]
[Site "?"]
[Date "2021.05.03"]
[Round "?"]
[White "EnemyNoOne"]
[Black "KinzyabulatovRenat"]
[Result "1-0"]
[WhiteElo "2433"]
[BlackElo "2333"]
[PlyCount "91"]
[EventDate "2021.??.??"]
[EventType "blitz"]

1. e4 e5 2. Nf3 d5 3. d4 dxe4 4. Nxe5 Bd6 5. Nc4 Nf6 6. Bg5 Be7 7. Be2 O-O 8.
O-O Nc6 9. c3 Nd5 10. Bxe7 Qxe7 11. Nbd2 f5 12. Qb3 Kh8 13. Ne3 Nf4 14. Bb5 Na5
15. Qd1 c6 16. Be2 b5 17. a4 a6 18. b4 Nb7 19. axb5 cxb5 20. Bxb5 Nd6 21. Bc6
Ra7 22. Nd5 Nxd5 23. Bxd5 Rc7 24. Rc1 f4 25. Re1 e3 26. fxe3 fxe3 27. Nf1 Nf5
28. Qd3 Qg5 29. Nxe3 Nxe3 30. Qxe3 Qxd5 31. Qe5 Qxe5 32. Rxe5 Kg8 33. c4 Rd8
34. d5 Bb7 35. c5 Rxd5 36. Re8+ Kf7 37. Rce1 Bc6 38. R8e2 Bb5 39. Rf2+ Kg6 40.
h3 Rf5 41. Rd2 a5 42. bxa5 Rfxc5 43. Re3 h5 44. Rg3+ Rg5 45. Rd6+ Kf5 46. Rd5+
{Time forfeit} 1-0

[Event "Rated Blitz game"]
[Site "?"]
[Date "2021.05.03"]
[Round "?"]
[White "peppie23"]
[Black "annaly1979"]
[Result "1-0"]
[WhiteElo "2514"]
[BlackElo "2402"]
[PlyCount "125"]
[EventDate "2021.??.??"]
[EventType "blitz"]

1. e4 e5 2. Nf3 d5 3. exd5 e4 4. Qe2 f5 5. d3 Nf6 6. dxe4 fxe4 7. Nfd2 Be7 8.
Nxe4 Nxe4 9. Qxe4 O-O 10. Be3 Bf5 11. Qc4 Bd6 12. Nd2 Nd7 13. O-O-O Ne5 14. Qb3
a5 15. a4 Kh8 16. h3 Bg6 17. Nc4 Nd7 18. Nxd6 cxd6 19. Bd3 Qe8 20. Rhe1 Qf7 21.
Qxb7 Bxd3 22. Rxd3 Rab8 23. Qc7 Ne5 24. Rc3 Qf6 25. f4 Ng6 26. g3 Rfe8 27. Rd1
h6 28. Bd4 Qf8 29. Rc6 Red8 30. Re1 Rbc8 31. Qxa5 Ra8 32. Qb4 Rdb8 33. Qc4 Rc8
34. Re6 Kh7 35. Qd3 Qf7 36. Rxc8 Rxc8 37. h4 h5 38. g4 Qxf4+ 39. Kb1 Qxg4 40.
a5 Qg2 41. b3 Rf8 42. Kb2 Rf3 43. Qe4 Qg4 44. a6 Qxe4 45. Rxe4 Rf8 46. a7 Ra8
47. b4 Ne5 48. b5 Nc4+ 49. Kc3 Nb6 50. Bxb6 Kg6 51. Bd4 Kf5 52. Re7 g5 53. hxg5
h4 54. Rh7 h3 55. Rxh3 Kxg5 56. Re3 Kg6 57. Re6+ Kf7 58. b6 Rc8+ 59. Kb3 Rc5
60. Rxd6 Rb5+ 61. Kc4 Rxb6 62. Rxb6 Ke7 63. Rc6 {Time forfeit} 1-0

[Event "Rated Blitz game"]
[Site "?"]
[Date "2021.05.03"]
[Round "?"]
[White "durakitodemedellin"]
[Black "Jomajo"]
[Result "1/2-1/2"]
[WhiteElo "2481"]
[BlackElo "2651"]
[PlyCount "64"]
[EventDate "2021.??.??"]
[EventType "blitz"]

1. e4 e5 2. Nf3 d5 3. Nxe5 Bd6 4. d4 dxe4 5. Bc4 Bxe5 6. dxe5 Qxd1+ 7. Kxd1 Nc6
8. Bb5 Bg4+ 9. Ke1 O-O-O 10. Nc3 Nd4 11. Ba4 f6 12. h3 Bh5 13. g4 Bg6 14. exf6
Nxf6 15. Be3 Bf7 16. Kf1 h5 17. g5 Ng8 18. Kg2 Ne7 19. Rad1 Nef5 20. Bf4 Nh4+
21. Kg3 Ndf5+ 22. Kh2 Nf3+ 23. Kg2 N3h4+ 24. Kh2 Nf3+ 25. Kg2 N5h4+ 26. Kg3 Bg6
27. Nb5 Nf5+ 28. Kg2 N3h4+ 29. Kh2 Nf3+ 30. Kg2 N3h4+ 31. Kh2 Nf3+ 32. Kg2
N3h4+ {Normal} 1/2-1/2

[Event "Rated Blitz game"]
[Site "?"]
[Date "2021.05.03"]
[Round "?"]
[White "Blol02"]
[Black "pasha1984"]
[Result "1-0"]
[WhiteElo "2463"]
[BlackElo "2386"]
[PlyCount "65"]
[EventDate "2021.??.??"]
[EventType "blitz"]

1. e4 e5 2. Nf3 d5 3. Nxe5 dxe4 4. d4 Bd6 5. Nc4 Nc6 6. Nc3 Nf6 7. Bg5 Bb4 8.
a3 Bxc3+ 9. bxc3 h6 10. Bh4 Bf5 11. Ne5 g5 12. Nxc6 bxc6 13. Bg3 O-O 14. h4 g4
15. h5 Nd5 16. Qd2 Qg5 17. Qxg5+ hxg5 18. Kd2 Rad8 19. Bc4 Nf4 20. h6 Kh7 21.
Rab1 Rb8 22. Rxb8 Rxb8 23. Bxf4 gxf4 24. Bxf7 c5 25. Rh5 Bg6 26. Bxg6+ Kxg6 27.
Rxc5 Kxh6 28. Rxc7 Kg5 29. Rxa7 Rh8 30. Ra5+ Kf6 31. Re5 f3 32. Rxe4 Kf5 33.
gxf3 {Normal} 1-0

[Event "Rated Blitz game"]
[Site "?"]
[Date "2021.05.03"]
[Round "?"]
[White "Kodeslabarriere"]
[Black "annaly1979"]
[Result "1/2-1/2"]
[WhiteElo "2463"]
[BlackElo "2392"]
[PlyCount "112"]
[EventDate "2021.??.??"]
[EventType "blitz"]

1. e4 e5 2. Nf3 d5 3. exd5 e4 4. Bb5+ c6 5. dxc6 bxc6 6. Qe2 cxb5 7. Qxb5+ Bd7
8. Qe5+ Qe7 9. Qxe7+ Nxe7 10. Nd4 a6 11. h3 Nbc6 12. Ne2 g6 13. a3 Bg7 14. Nbc3
O-O 15. Nxe4 Bf5 16. d3 Bxe4 17. dxe4 Rab8 18. c3 Na5 19. Rb1 Nc4 20. b3 a5 21.
O-O a4 22. Bg5 f6 23. Bxf6 Bxf6 24. bxc4 Rb3 25. Rxb3 axb3 26. Rb1 Rb8 27. f4
Nc6 28. e5 Be7 29. Kf2 Na5 30. Nd4 Nxc4 31. Rxb3 Rxb3 32. Nxb3 Bxa3 33. Ke2 g5
34. g3 gxf4 35. gxf4 Kf7 36. Kd3 Nb2+ 37. Ke4 Nd1 38. c4 Nf2+ 39. Kf5 Nxh3 40.
e6+ Ke7 41. Nd4 Bc1 42. Nc6+ Ke8 43. c5 Nxf4 44. Ne5 Nd5 45. Nf7 h5 46. Nd6+
Ke7 47. Nc8+ Kd8 48. e7+ Nxe7+ 49. Nxe7 Kxe7 50. Ke4 Ba3 51. Kf3 Bxc5 52. Kg3
Kf6 53. Kh4 Kg6 54. Kh3 Kf5 55. Kg2 Kg4 56. Kh1 Kh3 {Normal} 1/2-1/2

[Event "Rated Blitz game"]
[Site "?"]
[Date "2021.05.03"]
[Round "?"]
[White "CXCX83"]
[Black "Jomajo"]
[Result "0-1"]
[WhiteElo "2619"]
[BlackElo "2627"]
[PlyCount "62"]
[EventDate "2021.??.??"]
[EventType "blitz"]

1. e4 e5 2. Nf3 d5 3. exd5 e4 4. Qe2 Qe7 5. Nd4 Nf6 6. Nc3 Qe5 7. Ndb5 a6 8. d4
Qe7 9. Na3 b5 10. Bf4 b4 11. d6 cxd6 12. Nc4 bxc3 13. Nxd6+ Kd8 14. bxc3 Qe6
15. Nxc8 Qxc8 16. Bd2 Nbd7 17. Rb1 Rb8 18. Rb3 a5 19. c4 a4 20. Ba5+ Ke8 21.
Rb5 Be7 22. Qd2 h5 23. Be2 h4 24. O-O Rh6 25. Rfb1 Ra8 26. c5 Rg6 27. d5 Bxc5
28. d6 e3 29. fxe3 Ne4 30. Qd3 Re6 31. Bf3 f5 {Time forfeit} 0-1

[Event "Rated Blitz game"]
[Site "?"]
[Date "2021.05.03"]
[Round "?"]
[White "lizabombais"]
[Black "Jomajo"]
[Result "1-0"]
[WhiteElo "2670"]
[BlackElo "2634"]
[PlyCount "47"]
[EventDate "2021.??.??"]
[EventType "blitz"]

1. e4 e5 2. Nf3 d5 3. Nc3 d4 4. Ne2 d3 5. cxd3 Nc6 6. d4 exd4 7. d3 Bc5 8. a3
a5 9. Bf4 Nge7 10. Rc1 b6 11. g3 Ng6 12. Bg2 O-O 13. O-O Nxf4 14. gxf4 f5 15.
e5 Rb8 16. Qb3+ Kh8 17. Ng5 Nxe5 18. Rxc5 bxc5 19. Qxb8 Nxd3 20. Qb5 Nxf4 21.
Nxf4 Qxg5 22. Qxc5 Rf7 23. Qxd4 Bb7 24. h4 {Normal} 1-0

[Event "Rated Blitz game"]
[Site "?"]
[Date "2021.05.03"]
[Round "?"]
[White "Kuzelnik"]
[Black "GoughPhar"]
[Result "0-1"]
[WhiteElo "2319"]
[BlackElo "2415"]
[PlyCount "38"]
[EventDate "2021.??.??"]
[EventType "blitz"]

1. e4 e5 2. Nf3 d5 3. Nxe5 Bd6 4. d4 dxe4 5. Bb5+ c6 6. Bc4 Bxe5 7. dxe5 Qxd1+
8. Kxd1 Bg4+ 9. Be2 Bf5 10. f4 exf3 11. Bxf3 Nd7 12. Bf4 O-O-O 13. Kc1 Ne7 14.
Bg3 Ng6 15. Re1 Rhe8 16. Bh5 Ngxe5 17. Bxe5 Nxe5 18. Rxe5 Rxe5 19. Bxf7 Re1# {
Normal} 0-1

[Event "Rated Blitz game"]
[Site "?"]
[Date "2021.05.03"]
[Round "?"]
[White "BeStRoMaNo"]
[Black "blastol"]
[Result "1-0"]
[WhiteElo "2499"]
[BlackElo "2354"]
[PlyCount "63"]
[EventDate "2021.??.??"]
[EventType "blitz"]

1. e4 e5 2. Nf3 d5 3. exd5 Bd6 4. c4 e4 5. Nd4 f5 6. Nc3 Nf6 7. d3 Ke7 8. dxe4
fxe4 9. Bg5 Re8 10. Bxf6+ Kxf6 11. Qh5 g6 12. Qh4+ Kg7 13. Qxd8 Rxd8 14. Nxe4
Re8 15. f3 Bb4+ 16. Kf2 Bf5 17. Bd3 Bxe4 18. Bxe4 Bc5 19. Rad1 Nd7 20. a3 Nf6
21. b4 Nxe4+ 22. fxe4 Bd6 23. Rhe1 a5 24. Nf3 axb4 25. axb4 Bxb4 26. Re2 Bc5+
27. Kg3 Ra4 28. Rc1 Ra3 29. e5 h5 30. h4 Bd4 31. Re4 Rxe5 32. Rxd4 {Normal} 1-0

[Event "Rated Blitz game"]
[Site "?"]
[Date "2021.05.03"]
[Round "?"]
[White "Zeppski88"]
[Black "annaly1979"]
[Result "1-0"]
[WhiteElo "2421"]
[BlackElo "2407"]
[PlyCount "23"]
[EventDate "2021.??.??"]
[EventType "blitz"]

1. e4 e5 2. Nf3 d5 3. Nxe5 Qe7 4. d4 f6 5. Nd3 Nc6 6. c3 Bf5 7. Be3 Bxe4 8. Nd2
Bf5 9. Qb3 O-O-O 10. Nc5 b6 11. Qa4 Nb8 12. Ba6+ {Normal} 1-0

[Event "Rated Blitz game"]
[Site "?"]
[Date "2021.05.03"]
[Round "?"]
[White "kahvitauko"]
[Black "Jomajo"]
[Result "1/2-1/2"]
[WhiteElo "2480"]
[BlackElo "2644"]
[PlyCount "112"]
[EventDate "2021.??.??"]
[EventType "blitz"]

1. e4 e5 2. Nf3 d5 3. exd5 e4 4. Qe2 Qe7 5. Nd4 Nf6 6. Nc3 Qe5 7. Nb3 Nbd7 8.
d4 exd3 9. Qxe5+ Nxe5 10. cxd3 Bb4 11. Bd2 O-O 12. O-O-O Neg4 13. Ne4 Bxd2+ 14.
Rxd2 Nxd5 15. h3 Ngf6 16. g4 b6 17. Bg2 Bb7 18. Nxf6+ gxf6 19. Nd4 Rab8 20. Nf5
Rfe8 21. a3 Nf4 22. Bxb7 Rxb7 23. d4 Rbb8 24. d5 Rbd8 25. Rhd1 h5 26. f3 h4 27.
Nxh4 Nxh3 28. Nf5 Nf4 29. Kc2 Re5 30. b4 Kf8 31. d6 cxd6 32. Rxd6 Rc8+ 33. Kb3
Ne6 34. Rd7 a5 35. R1d3 Rc7 36. Nh6 Rxd7 37. Rxd7 Re3+ 38. Ka4 axb4 39. axb4
Rxf3 40. Rxf7+ Ke8 41. Rb7 Rg3 42. Rxb6 Kd7 43. Rb7+ Kc6 44. Rf7 Rf3 45. Nf5
Rf4 46. Rxf6 Kd5 47. Ne7+ Kd6 48. Rxf4 Nxf4 49. Nf5+ Ke5 50. b5 Nd5 51. Ka5 Kf4
52. Nh6 Kg5 53. Nf5 Kxg4 54. Ne3+ Nxe3 55. b6 Nc4+ 56. Kb5 Nxb6 {Normal}
1/2-1/2